000 00615cam a22001932 4500
001 0000000384
005 20151217151748.0
008 070126s xx 000 0 eng d
040 _aKABU
_cKABU
050 0 _aBL1213.32
_b.R66
100 1 _aRoof Jonathan.
_@0000148552
245 1 0 _aPathways to God :
_ba study guide to the teachings of sathya Sai Baba /
_cJonathan Roof.
260 _aAndhra Pradesh, India :
_bSri Sathya Sai Books,
_c2001.
300 _a207 p.
600 1 0 _aSathya Sai, Sri
_xTeachings.
_@0000148553
908 _a070126
950 _@1
999 _c4762
_d4762